Your child's development from birth to adolescence

Bibliographic Details
Main Author: Lansdown, Richawd
Other Authors: Walker, Marjorie
Format: Book
Published: London : Frances Lucola , 1991
Subjects:

MARC

LEADER 00000cam a2200000 7i4500
001 0000004224
002 000004541
005 20000330.0
020 |a 0711206465 
090 0 0 |a 305.231   |b LAN 
100 1 |a Lansdown, Richawd 
245 1 0 |a Your child's development from birth to adolescence   |c Richard Lansdown and Marjorie Walker 
260 |a London :   |b Frances Lucola ,   |c 1991 
300 |a 512 p. ;   |c 24 cm. 
650 0 0 |a Child development 
700 1 |a Walker, Marjorie 
999 |a 031233   |b BUKU   |c PINJAMAN   |e PERPUSTAKAAN KOMUNITI PETALING JAYA